| 000 | 00420pab a2200157 454500 | ||
|---|---|---|---|
| 008 | 180718b2011 xxu||||| |||| 00| 0 eng d | ||
| 100 | _aMerrouche, Ouarda | ||
| 245 | _aThe long term educational cost of war: Evidence from landmine contamination in Cambodia | ||
| 260 | _c2011 | ||
| 300 | _ap.399-416. | ||
| 362 | _aMar | ||
| 650 | _aWar | ||
| 773 | _aJournal of Development Studies | ||
| 908 | _aN | ||
| 909 | _a91281 | ||
| 999 |
_c91281 _d91281 |
||